Jobs and Professions - Sudden Death - Statistics

General Stats
  • This quiz has been taken 2,407 times
    828 since last reset
  • The average score is 9 of 18
Answers on the Grid
Answers color-coded by a green-red scale on the quiz's grid according to % correct below.
potter
almoner
cooper
sewer
burlak
watchman
barber surgeon
barrister
archer
spinner
cowherd
ventriloquist
geisha
sultan
organist
joiner
bounty hunter
ghostwriter
dover
liver
snowman
turban
paperist
hayman
 
Answer Stats
Answer % Correct
archer
70%
bounty hunter
70%
ventriloquist
68%
ghostwriter
67%
potter
65%
watchman
65%
barrister
63%
organist
63%
geisha
52%
sultan
40%
cowherd
38%
barber surgeon
37%
cooper
37%
spinner
36%
sewer
35%
joiner
34%
almoner
13%
burlak
7%
No matching quizzes found
Score Distribution
Percent of People with Each Score
Percentile by Number Answered
Your Score History
You have not taken this quiz since the last reset